[Event "IECC O email"]
[Site "IECC email"]
[Date "2002.04.23"]
[Round "?"]
[White "Harrison, Mark"]
[Black "Lapham, Frank J"]
[Result "1-0"]
[WhiteElo "922"]
[BlackElo "1004"]
[PlyCount "29"]
[EventDate "2002.??.??"]
[EventType "tourn (corr)"]
[EventRounds "6"]
[SourceTitle "Corr 2008"]
[Source "ChessBase"]
[SourceDate "2008.06.24"]
[SourceVersion "1"]
[SourceVersionDate "2008.06.24"]
[SourceQuality "1"]

1. e4 e5 2. Nf3 Bd6 3. Nc3 a6 4. d4 f6 5. Be2 Ne7 6. dxe5 fxe5 7. 0-0 0-0 8. Bc4+ Kh8 9. Bg5 c6 10. Qxd6 Nf5 11. exf5 Qe8 12. f6 g6 13. Qe7 Qxe7 14. fxe7 Re8 15. Bf6# 1-0

[Event "IECC O email"]
[Site "IECC email"]
[Date "2001.06.11"]
[Round "?"]
[White "Dyke, Barbara"]
[Black "Harrison, Mark"]
[Result "1-0"]
[WhiteElo "1000"]
[BlackElo "931"]
[PlyCount "79"]
[EventDate "2001.??.??"]
[EventType "tourn (corr)"]
[EventRounds "6"]
[SourceTitle "Corr 2008"]
[Source "ChessBase"]
[SourceDate "2008.06.24"]
[SourceVersion "1"]
[SourceVersionDate "2008.06.24"]
[SourceQuality "1"]

1. e4 e5 2. Nf3 Nc6 3. Nc3 Nf6 4. Bc4 Qe7 5. 0-0 Nd4 6. Nd5 Nxd5 7. exd5 Qf6 8. d3 Bd6 9. Re1 0-0 10. c3 Nxf3+ 11. Qxf3 Qg6 12. Qe4 Qh5 13. g3 f5 14. Qe2 Qh3 15. Qf1 Qh5 16. Qg2 f4 17. g4 Qh4 18. Kf1 c6 19. b4 b5 20. Bb3 Bb7 21. dxc6+ Kh8 22. cxb7 Rab8 23. Bd5 f3 24. Qg3 Qg5 25. Bxg5 h6 26. Be3 Rf6 27. g5 e4 28. Qh3 Rg6 29. dxe4 Rf8 30. Rec1 a5 31. bxa5 Bb8 32. a6 Rxa6 33. Bd4 Ra4 34. Bc5 d6 35. gxh6 Kh7 36. Be3 b4 37. Qg3 gxh6 38. Qh4 h5 39. Qxh5+ Kg7 40. Qh6# 1-0

[Event "IECC O email"]
[Site "IECC email"]
[Date "1999.10.01"]
[Round "?"]
[White "Harrison, Mark"]
[Black "Johnson, Paul A"]
[Result "0-1"]
[WhiteElo "922"]
[BlackElo "1000"]
[PlyCount "38"]
[EventDate "1999.??.??"]
[EventType "tourn (corr)"]
[EventRounds "6"]
[SourceTitle "Corr 2008"]
[Source "ChessBase"]
[SourceDate "2008.06.24"]
[SourceVersion "1"]
[SourceVersionDate "2008.06.24"]
[SourceQuality "1"]

1. b4 e6 2. d4 a6 3. e4 Bxb4+ 4. c3 Be7 5. Nf3 b5 6. Nbd2 c5 7. a4 cxd4 8. Nxd4 bxa4 9. Rxa4 Bb7 10. Nc4 Bxe4 11. Ra5 d5 12. Ne5 Qxa5 13. Ne2 Nf6 14. f3 Bg6 15. Bg5 0-0 16. Nf4 Qxc3+ 17. Kf2 Ne4+ 18. fxe4 Bc5+ 19. Ke2 Qe3# 0-1